00415nam a22001337a 450000500170000000800410001704100130005808200120007110000130008324500400009626000870013630000320022365000260025520240531122252.0240531b |||||||| |||| 00| 0 eng d aEnglish  a349 LAW lEnglish  aThe Law Reports: Chancery Division  aLondon: bThe Incorporated Council of Law Reporting for England and Wales, c1928  bxxvii, 988 pages; c25 cm.  aLegal practice bLaw